00647nam a2200181Ia 4500003000900000008004100009020002200050040001600072080002500088245010700113260007200220300002300292650003300315650003300348650003800381700002300419700002300442IN-BaIIA211028s9999 xx 000 0 eng d a978-0-8194-7224-3 cIIA Library a535(082.1)bSPI-7014 0aGround-based and airborne instrumentation for astronomy IIcedited by Ian S. McLean and Mark M. Casali aWashingtonbThe International Society for Optical Engineeringc2008 a[various pagings.] aInstrumentation - congresses aOptical imaging - congresses aOptical spectroscopy - congresses aCasali, M. M., ed. aMcLean, I. S., ed.